Bojovali na Dukle

Bibliographic Details
Main Author: Slepcov, Igor, 1945-2007 (Author)
Format: Book
Language:Slovak
PhysicalDescription:160 s., 1,75 AH 21 cm
Published: Košice S.l. Východoslovenské vydavateľstvo Dukelské múzeum vo Svidníku [vyd.] 1979
Edition:1. vyd.
Subjects:

MARC

LEADER 00000nam a2200000 a 4500
001 vtls001107958
003 SK-MaSNL
005 20260301230603.0
008 250414s1979 xo 0 slo
015 |a SNBA1980 
035 |a SNK000050800 
040 |a SNK  |b slo  |c SNK  |e AACR2 
041 0 |a slo 
044 |a xo  |c SK 
080 |a 883 (437)-94  |2 1981 
080 |a 943.7  |2 1981 
080 |a 355.4(437.683)"1944"(084.12)  |2 1981 
100 1 |a Slepcov, Igor,  |d 1945-2007  |4 aut  |9 102474 
245 1 0 |a Bojovali na Dukle  |c Igor Slepcov ; Štefan Schmidt 
250 |a 1. vyd. 
260 |a Košice  |b Východoslovenské vydavateľstvo  |a S.l.  |b Dukelské múzeum vo Svidníku [vyd.]  |c 1979  |e Košice  |f Východoslovenské tlačiarne 
300 |a 160 s., 1,75 AH  |c 21 cm 
366 |e 5000 výtl. 
500 |a Lit. 34. Rus. res. 34 zázn. lit. o knihách, čas. a novinách v jaz. slov., čes. a rus. 
651 7 |a 5411  |2 SNK  |9 279985 
700 1 |a Schmidt, Štefan,  |c iný  |4 bkd  |9 510200 
852 |a Slovenská národná knižnica 
954 |a črty dokumentárne  |a literatúra ukrajinská v ČSSR  |a literatúra faktu 
954 |a Dukla  |a vojna svetová 1939-1945  |a Karpatsko-dukelská operácia  |a vojaci sovietski 
958 |a OND 
958 |a NB 
958 |a LX 
958 |a SS 
958 |a TL 
999 |c 955387  |d 957317 
952 |t P60, <04>, [BOOK], {604}  |a SNK  |b SNK  |y VYP  |7 0  |p 17A0156386  |o snkSC 47745 D1  |0 0  |1 1  |4 0  |d 1998-08-14  |l 0  |r 2004-12-31 00:00:00  |w 2026-02-24 
952 |a SNK  |b SNK  |y PREZ  |7 0  |p 17A0820127  |o snkSC 47745  |0 0  |1 0  |4 0  |d 2012-07-31  |l 0  |r 2025-10-29 00:00:00  |w 2026-02-24